[Event "Kurunegala op 11th"]
[Site "Kurunegala"]
[Date "2019.12.02"]
[Round "6"]
[White "Wimalasuriya, Kasun M"]
[Black "Uduwala, Pramod Dimuthu"]
[Result "1/2-1/2"]
[WhiteElo "1837"]
[BlackElo "1620"]
[PlyCount "54"]
[EventDate "2019.11.30"]
[EventType "swiss"]
[EventRounds "10"]
[EventCountry "SRI"]
[SourceTitle "CBM 193 Extra"]
[Source "ChessBase"]
[SourceDate "2020.01.31"]
[SourceVersion "1"]
[SourceVersionDate "2020.01.31"]
[SourceQuality "1"]

1. d4 g6 2. c4 c5 3. Nf3 cxd4 4. Nxd4 Bg7 5. g3 Nc6 6. Nc2 Nf6 7. Bg2 Qb6 8. 0-0 h5 9. h4 0-0 10. Nc3 d6 11. b3 Bd7 12. Bb2 Ne5 13. Ne3 Bc6 14. Ncd5 Nxd5 15. cxd5 Bb5 16. Qd2 Rac8 17. Bd4 Qxd4 18. Qxd4 Nf3+ 19. Bxf3 Bxd4 20. Rac1 Bxe3 21. fxe3 Bd7 22. Kf2 Rxc1 23. Rxc1 Rc8 24. Rxc8+ Bxc8 25. e4 Kg7 26. Ke3 Kf6 27. Kf4 b6 1/2-1/2